<?xml version="1.0" encoding="UTF-8"?>
<collection xmlns="http://www.loc.gov/MARC21/slim">
 <record>
  <leader>     na                 </leader>
  <controlfield tag="001">INLIS000000000007591</controlfield>
  <controlfield tag="005">20221109084541</controlfield>
  <datafield tag="035" ind1=" " ind2=" ">
   <subfield code="a">0010-0520007591</subfield>
  </datafield>
  <controlfield tag="008">221109                |          | ind  </controlfield>
  <datafield tag="020" ind1=" " ind2=" ">
   <subfield code="a">979 - 25 - 7570 - 7*</subfield>
  </datafield>
  <datafield tag="041" ind1=" " ind2=" ">
   <subfield code="a">ind</subfield>
  </datafield>
  <datafield tag="082" ind1=" " ind2=" ">
   <subfield code="a">347.30735</subfield>
  </datafield>
  <datafield tag="084" ind1=" " ind2=" ">
   <subfield code="a">347.30735 GOL i</subfield>
  </datafield>
  <datafield tag="100" ind1="0" ind2=" ">
   <subfield code="a">Goldstein, Joseph</subfield>
  </datafield>
  <datafield tag="245" ind1="1" ind2="4">
   <subfield code="a">Intelligible Constitution :</subfield>
   <subfield code="b">The Supreme Court's Obligation To Maintain The Constitution As Something We The People Can Understand /</subfield>
   <subfield code="c">Joseph Goldstein</subfield>
  </datafield>
  <datafield tag="260" ind1=" " ind2=" ">
   <subfield code="a">New York :</subfield>
   <subfield code="b">Konrad Adenauer Stiftung,</subfield>
   <subfield code="c">1992</subfield>
  </datafield>
  <datafield tag="300" ind1=" " ind2=" ">
   <subfield code="a">xx, 201 hal.; 21,5 cm ;</subfield>
   <subfield code="c">21,5 cm</subfield>
  </datafield>
  <datafield tag="500" ind1=" " ind2=" ">
   <subfield code="a">Indeks : p. 195-201</subfield>
  </datafield>
  <datafield tag="520" ind1=" " ind2=" ">
   <subfield code="a">In the Intelligible constitution, Goldstein makes a compelling argument that, in a democracy based upon informed consent, the SUpreme Court has an obligation to communicate clearly and candidly to We the People when it interprets the Constitution. After a fascinating discussion of the language of the Constitution and Supreme Court opinions (including the analysis of Webster), he present a series of opinion studies in important cases, focusing not thought and expression. Using the two Brown v. Board of Education cases, Cooper v. Aaron, Regents of the University of Californiav. Bakke, and others as his examples, Goldstein demonstrates the pitfalls to which the Court has succumbed in the past: Writing deliberately ambiguos decisions to win the votes of colleagues, challenging each others opinon in private but not in public, and not speaking honeslty when the writer knows a concurring Justice misunderstands the opinion which he or she is supporting. Even some landmark decisions, he writes, have featured seriously flawed opinions-preventing We the People from understanding why the justice reasoned as they did, and why they disagreed with each other. He goes on to suggest five &quot;cannons of comprehensibility&quot; for Supreme Court opinios, to ensure that the justice explain themselves clearly, honstly, and unambigously, so that all the various opinios in each case would constitute a comprehensible message about their accord and discord in interpreting the Constitution. Both a fascinating look how the Court shapes oits opinions and a clarion call to action, this book provides an important addition to our understanding of how to maintain the Constitution as a living document, by and for the People, in its third century.</subfield>
  </datafield>
  <datafield tag="650" ind1=" " ind2="4">
   <subfield code="a">United States-Supreme Court</subfield>
  </datafield>
  <datafield tag="650" ind1=" " ind2="4">
   <subfield code="a">United States-Constitutional Law-interpretation and construction</subfield>
  </datafield>
  <datafield tag="650" ind1=" " ind2="4">
   <subfield code="a">Judicial opinions</subfield>
  </datafield>
  <datafield tag="990" ind1=" " ind2=" ">
   <subfield code="a">16600/MKRI-P/VI-2010</subfield>
  </datafield>
  <datafield tag="990" ind1=" " ind2=" ">
   <subfield code="a">16600/MKRI-P/VI-2010</subfield>
  </datafield>
 </record>
</collection>
